UK Towns/ Cities By Notable Person - Statistics

General Stats
  • This quiz has been taken 138 times
  • The average score is 8 of 18
Answer Stats
Notable Person Town/ City % Correct
John Lennon Liverpool
91%
Noel Gallagher Manchester
91%
Cheryl (Cole) Newcastle
86%
George Best Belfast
84%
Sean Connery Edinburgh
65%
John Logie Baird Glasgow
51%
Mel B Leeds
45%
Keira Knightly London
44%
Alex Turner Sheffield
44%
Stephen Fry Norwich
41%
Roald Dahl Cardiff
33%
Louis Tomlinson Doncaster
32%
Ewan McGregor Perth
27%
Eddie Stobart Carlisle
23%
Hugh Grant Oxford
22%
Maurice Gibb Isle of Man
8%
Sam Claflin Ipswich
4%
Rhys Lloyd Dover
2%
No matching quizzes found
Score Distribution
Percent of People with Each Score
Percentile by Number Answered
Your Score History
You have not taken this quiz